|
|
|
|
| LEADER |
01842cam a2200517 a 4500 |
| 001 |
nkc20071750908 |
| 003 |
CZ PrNK |
| 005 |
20071119162316.0 |
| 007 |
ta |
| 008 |
070921s2007 xr ab b e 001 0 cze d |
| 015 |
|
|
|a cnb001750908
|
| 020 |
|
|
|a 978-80-7352-598-9
|q (váz.)
|
| 035 |
|
|
|a (OCoLC)190421045
|
| 040 |
|
|
|a KVG001
|b cze
|d BOA001
|
| 041 |
1 |
|
|a cze
|h eng
|
| 072 |
|
7 |
|a 59
|x Zoologie
|2 Konspekt
|9 2
|
| 072 |
|
7 |
|a 0/9-053.2
|x Literatura pro děti a mládež (naučná)
|2 Konspekt
|9 26
|
| 080 |
|
|
|a 592/599
|2 MRF
|
| 080 |
|
|
|a 591.5
|2 MRF
|
| 080 |
|
|
|a (031)
|2 MRF
|
| 080 |
|
|
|a (0.053.2)
|2 MRF
|
| 100 |
1 |
|
|a McGhee, Karen
|7 kv2007386844
|4 aut
|
| 245 |
1 |
0 |
|a Zvířata :
|b velká dětská encyklopedie /
|c Karen McGheeová, George McKay
|
| 246 |
3 |
0 |
|a Velká dětská encyklopedie - zvířata
|
| 250 |
|
|
|a 1. české vyd.
|
| 260 |
|
|
|a Praha :
|b Svojtka & Co.,
|c 2007
|
| 300 |
|
|
|a 256 s. :
|b barev. il., mapy ;
|c 31 cm
|
| 500 |
|
|
|a Přeloženo z angličtiny
|
| 500 |
|
|
|a Terminologický slovník
|
| 500 |
|
|
|a Obsahuje rejstřík
|
| 650 |
0 |
7 |
|a živočichové
|7 ph136485
|2 czenas
|
| 650 |
0 |
7 |
|a ekologie živočichů
|7 ph114419
|2 czenas
|
| 650 |
0 |
9 |
|a animals
|2 eczenas
|
| 650 |
0 |
9 |
|a animal ecology
|2 eczenas
|
| 655 |
|
7 |
|a encyklopedie
|7 fd132201
|2 czenas
|
| 655 |
|
7 |
|a publikace pro děti
|7 fd133156
|2 czenas
|
| 655 |
|
9 |
|a encyclopedias
|2 eczenas
|
| 655 |
|
9 |
|a children's literature
|2 eczenas
|
| 700 |
1 |
|
|a McKay, George
|7 jn20000703204
|4 aut
|
| 765 |
0 |
|
|t Children's encyclopedia of animals
|9 Česky
|
| 856 |
4 |
1 |
|u http://www.digitalniknihovna.cz/mzk/uuid/uuid:c0c79c30-2420-11e7-a38c-005056827e51
|y Digitalizovaný dokument
|x NDK
|
| 910 |
2 |
|
|a BOA001
|b 4-1192.523
|
| 990 |
|
|
|a BK
|
| 995 |
|
|
|a 01
|
| 991 |
|
|
|b 200710
|c NOV
|
| 996 |
6 |
|
|b 2610321593
|c 4-1192.523
|l MZK
|r Sklad / do 1 hodiny
|n 2
|p p.v.
|w 000867796
|u 000010
|a 1
|e BOA001
|j MZK50
|s P
|